NCAA DIII Hockey Teams - Statistics

General Stats
  • This quiz has been taken 37 times
  • The average score is 27 of 91
Answer Stats
Picture Answer % Correct
St John's Minnesota
68%
Tufts
64%
New England College
57%
University of New England
54%
Amherst
50%
Roger Williams
46%
Adrian
43%
SUNY Cortland
43%
Bowdoin
39%
Colby
39%
SUNY Brockport
39%
SUNY Oswego
39%
Buffalo State
36%
Hobart
36%
Nichols
36%
St Mary's Minnesota
36%
St Olaf
36%
SUNY Geneseo
36%
Augsburg
32%
Babson
32%
Bethel
32%
Chatham
32%
Connecticut College
32%
Endicott
32%
Hamilton
32%
Lake Forest
32%
Manhattanville
32%
Massachusetts Boston
32%
Middlebury
32%
St Norbert
32%
SUNY Plattsburgh
32%
Trinity Connecticut
32%
Utica
32%
Wesleyan
32%
Williams
32%
Wisconsin River Falls
32%
Anna Maria
29%
Aurora
29%
Beloit
29%
Dubuque
29%
Elmira
29%
Marian
29%
Milwaukee School of Engineering
29%
Skidmore
29%
St John Fisher
29%
Trine
29%
Wisconsin Eau Claire
29%
Wisconsin Stevens Point
29%
Wisconsin Superior
29%
Albertus Magnus
25%
Alvernia
25%
Gustavus Adolphus
25%
Hamline
25%
Johnson and Wales
25%
Lebanon Valley
25%
Massachusetts Dartmouth
25%
Nazareth
25%
Neumann
25%
Norwich
25%
Salem State
25%
Suffolk
25%
SUNY Canton
25%
SUNY Fredonia
25%
Wisconsin Stout
25%
Arcadia
21%
Concordia Minnesota
21%
Concordia Wisconsin
21%
Curry
21%
Fitchburg State
21%
Framingham State
21%
Hiram
21%
Keene State
21%
King's
21%
Lawrence
21%
Plymouth State
21%
Rivier
21%
Salve Regina
21%
Stevenson
21%
St Scholastica
21%
SUNY Morrisville
21%
SUNY Potsdam
21%
Vermont State Castleton
21%
Wentworth Institute of Technology
21%
Western Connecticut State
21%
Western New England
21%
Westfield State
21%
Wilkes
21%
Massachusetts College of Liberal Arts
18%
Misericordia
18%
Southern Maine
18%
Worcester State
18%
No matching quizzes found
Score Distribution
Percent of People with Each Score
Percentile by Number Answered
Your Score History
You have not taken this quiz